000 00523nam a2200193 i 4500
001 bgj
100 1 _aOATES, Joyce Carol
_d(1938- ).
245 1 0 _aThem /
_cJoyce Carol Oates.
260 _aGreenwich, Conn. :
_bA Fawcett Crest Books,
_c1970.
300 _a478 pp ;
_c18 cm.
650 9 _aBildungsromane
650 9 _aWorking class families
_xFiction
650 9 _aYoung women
_xFiction
650 9 _aPoor women
_xFiction
040 _cBPK
041 0 _aeng
942 _cKS
008 s uk f |000 0 eng
999 _c48377
_d48377
856 _uhttp://koha.tu.koszalin.pl/cgi-bin/koha/opac-detail.pl?biblionumber=48377
_yKatalog online BPK